00868nam a2200217 a 4500001001000000003000900010005001700019007000300036008004100039020001800080040002500098082002500123100003100148245017400179260006300353300002800416500007000444504003200514650005400546700005000600000044626DO-SdBNP20221110081215.0ta141210s2014 dr a 000 0 spa d a9789945131703 aDO-SdBNPbspacBNPHU a324.97293bG643i2221 aGonzález, Orlandod1969-10aInequidad del sistema electoral dominicano :banálisis de las elecciones del 2010 y perspectivas /cOrlando González ; prólogo Juan Dionicio Rodríguez Restituyo. aSanto Domingo :bEdiciones Escuela Multitemática,c2014. a112 p. :bil. ;c22 cm. aIncluye datos biográficos del autor en la solapa de la cubierta aBibliografía : p. 109-112 4aEleccionesxLegislaciónzRepública Dominicana1 aRodríguez Restituyo, Juan Dionicioepról.